000 00356nam a2200133Ia 4500
008 211105s9999||||xx |||||||||||||| ||und||
082 _aRD342 R173D 2010
084 _b16-00255
100 _aRamírez Morillo, Belarmino
245 0 _aDerecho constitucional : control de la constitución y derecho electoral
260 _c2010
300 _a0
999 _c16247
_d16247